| 000 | 01156nam a22002897a 4500 | ||
|---|---|---|---|
| 999 |
_c170900 _d170900 |
||
| 003 | dpl | ||
| 005 | 20191230124446.0 | ||
| 008 | 191230b ||||| |||| 00| 0 eng d | ||
| 010 | _aB-142296 | ||
| 020 |
_c150.00 _a8190155172 |
||
| 024 | _c150.00 | ||
| 035 | _aB-142296 | ||
| 037 | _bCen Lib/Ret | ||
| 040 |
_aDPL _bHN _cDPL |
||
| 082 |
_aउ _bआन्द्रिच |
||
| 100 |
_aआन्द्रिच, आइवो _97808 |
||
| 245 |
_aखरगोश / _cआइवो आन्द्रिच |
||
| 246 |
_aKhargosh / _bby Aaivo Andrich |
||
| 260 |
_aदिल्ली _bसर्वोदय प्रकाशन _c2004 |
||
| 270 |
_a512-बी, गली न.1, विश्वास नगर औधोगिक क्षेत्र _bदिल्ली _e110032 |
||
| 300 |
_a95पृ. _c21सेमी (सजिल्द) |
||
| 650 |
_a हिन्दी साहित्य _958117 |
||
| 650 |
_a हिन्दी साहित्य -- उपन्यास _946379 |
||
| 650 |
_aHindi literature _958118 |
||
| 650 |
_aHindi literature -- Fiction _958119 |
||
| 942 |
_2ddc _cHN _hउ _mआन्द्रिच |
||